| 000 | 01862nam a2200253Ia 4500 | ||
|---|---|---|---|
| 999 |
_c50723 _d50723 |
||
| 001 | 17675 | ||
| 003 | GE_BSU | ||
| 005 | 20200221164205.0 | ||
| 008 | 181216s2015 xx |||||||||||||| ||geo|| | ||
| 020 | _a1512-3073 | ||
| 040 | _cGE_BSU | ||
| 041 | _ageo | ||
| 080 | _a378(063) ქ-27 | ||
| 245 |
_aქართული უნივერსიტეტის შრომები : _bტომი: 2 / _cსარედ. კოლეგია : სერგო ვარდოსანიძე (მთ.რედ:) ; როინ მეტრეველი ; ივანე წერეთელი ; და სხვ. ტომი გამოსაცემად მოამზადეს : ვახტანგ გურულმ ; პაატა გომიაშვილმა. |
||
| 264 |
_aთბილისი : _bქართული უნ-ტი, _c2015. |
||
| 300 |
_a420 გვ .: _c29 სმ. |
||
| 653 | _aისტორია,ფილოლოგია,ფსიქოლოგია,მათემატიკა,საბუნებისმეტყველო მეცნიერებები,ეკონომიკა,სამართალი,დემოგრაფია,დიდი მემკვიდრეობა,დოკუმენტის პუბლიკაცია | ||
| 653 | _aქართული უნივერსიტეტის შრომები | ||
| 653 | _aშრომები | ||
| 700 |
_aვარდოსანიძე, :სერგო _eმთავარი რედაქტორი _96949 |
||
| 700 |
_aმეტრეველი, როინ _eსარედაქციო კოლეგია _97332 |
||
| 700 |
_a წერეთელი, ივანე _eსარედაქციო კოლეგია _97333 |
||
| 942 |
_cBK _2udc |
||